Antoine de Saint-Exupéry bibliografický leták

Bibliographic Details
Other Authors: Horňáčeková, Mária (Compiler)
Format: Book
Language:Slovak
PhysicalDescription:1 zložený list (6 nečíslovaných strán) fotografie 21 cm
Published: Nitra Krajská knižnica Karola Kmeťka v Nitre 2024
Subjects:

MARC

LEADER 00000cam a2200000 4500
001 vtls012271963
003 SK-MaSNL
005 20260331212542.0
008 250225s2024 xo o grb 000 0 slo
020 |q (zložené) 
040 |a SNK  |b slo  |c SNK  |e rda 
041 0 |a slo 
044 |a xo  |c SK 
072 7 |a 01  |x Bibliografia. Katalógy  |2 konspekt 
080 |a 821.162.4-055.1  |2 2011 
080 |a 012  |2 2011 
100 1 |a Horňáčeková, Mária  |4 com  |9 351244 
245 1 0 |a Antoine de Saint-Exupéry  |b bibliografický leták  |c zostavila Mária Horňáčeková 
264 1 |a Nitra  |b Krajská knižnica Karola Kmeťka v Nitre  |c 2024 
300 |a 1 zložený list (6 nečíslovaných strán)  |b fotografie  |c 21 cm 
336 |a text  |b txt  |2 rdacontent 
337 |a bez média  |b n  |2 rdamedia 
338 |a list  |b nb  |2 rdacarrier 
366 |e 20 kusov 
500 |a Obsahuje biografické údaje 
504 |a Obsahuje 17 bibliografických záznamov 
600 1 7 |a Saint-Exupéry, Antoine de,  |d 1900-1944  |2 SNKMA  |9 86073 
655 7 |a personálne bibliografie  |2 SNKPH  |9 70198 
655 7 |a Personal bibliography  |2 SNKPHeng  |9 300650 
700 1 |a Mičúchová, Zuzana  |4 bkd  |9 351245 
852 |a Slovenská národná knižnica 
958 |a PB 
958 |a NB 
999 |c 1045751  |d 1047681 
952 |a SNK  |b SNK  |y NEVYP  |7 1  |p 17A1565104  |o snkOSC 30587  |i snk2025/3301  |8 0  |0 0  |1 0  |4 0  |d 2025-02-25  |l 0  |r 2026-02-24 14:38:28  |w 2026-02-24 
952 |a SNK  |b SNK  |y PREZ  |7 0  |p 17A1565105  |o snkOSC 30587 D1  |i snk2025/3302  |8 0  |0 0  |1 0  |4 0  |d 2025-02-25  |l 0  |r 2026-02-24 14:38:28  |w 2026-02-24